Studies in archaeometry : proceedings of the Archaeometry Symposium at NORM 2019, June 16-19, Portland, Oregon, Portland State University : dedicated to the Rev. H. Richard Rutherford, C.S.C., Ph.D /

The proceedings of the Archaeometry Symposium at NORM 2019, Portland, Oregon, papers, with case studies in Spain, Canada, Thailand, Lithuania or Russia, address the application of different techniques in archaeology in order to comprehend some aspects during and after excavations, for instance, phys...

وصف كامل

محفوظ في:

مؤلف مشترك: Archaeometry Symposium at Northwest Regional Meeting of the American Chemical Society Portland, Or.)

مؤلفون آخرون: Galán, Mario Ramírez (المحرر), Bard, Ronda Sandifer (المحرر), Rutherford, H. Richard (honouree.)

التنسيق: وقائع المؤتمر كتاب الكتروني

اللغة: English

منشور في: Oxford : Archaeopress Access Archaeology, 2020.

سلاسل: Access archaeology.

الموضوعات:

الوصول للمادة أونلاين: Login to view Source

الوسوم: إضافة وسم

لا توجد وسوم, كن أول من يضع وسما على هذه التسجيلة!

رقم الطلب: CC75.7

LEADER 02384nam a2200457 i 4500
001 EDZ0002342219
003 StDuBDS
005 20230412182921.0
006 m|||||o||d||||||||
007 cr |||||||||||
008 200922s2020 enkab fob 010|0|eng|d
020 |a 9781789697339 (ebook) :  |c No price 
040 |a StDuBDS  |b eng  |c StDuBDS  |e rda  |e pn 
050 4 |a CC75.7 
082 0 4 |a 930.1028  |2 23 
111 2 |a Archaeometry Symposium at Northwest Regional Meeting of the American Chemical Society  |d (2019 :  |c Portland, Or.),  |j creator. 
245 1 0 |a Studies in archaeometry :  |b proceedings of the Archaeometry Symposium at NORM 2019, June 16-19, Portland, Oregon, Portland State University : dedicated to the Rev. H. Richard Rutherford, C.S.C., Ph.D /  |c edited by Mario Ramírez Galán, Ronda Sandifer Bard. 
264 1 |a Oxford :  |b Archaeopress Access Archaeology,  |c 2020. 
300 |a 1 online resource (276 pages) :  |b illustrations (black and white, and colour), maps (colour). 
336 |a text  |2 rdacontent 
336 |a still image  |2 rdacontent 
336 |a cartographic image  |2 rdacontent 
337 |a computer  |2 rdamedia 
338 |a online resource  |2 rdacarrier 
490 1 |a Access archaeology 
500 |a "Available in both print and Open Access"--Homepage. 
500 |a Also issued in print: 2020. 
504 |a Includes bibliographical references. 
520 8 |a The proceedings of the Archaeometry Symposium at NORM 2019, Portland, Oregon, papers, with case studies in Spain, Canada, Thailand, Lithuania or Russia, address the application of different techniques in archaeology in order to comprehend some aspects during and after excavations, for instance, physics, chemical analysis, remote sensing, LiDAR, etc. 
521 |a Specialized. 
588 |a Description based on online resource; title from PDF title page (viewed on September 28, 2020). 
650 0 |a Archaeometry. 
700 1 |a Galán, Mario Ramírez,  |e editor. 
700 1 |a Bard, Ronda Sandifer,  |e editor. 
700 1 |a Rutherford, H. Richard,  |e honouree. 
776 0 8 |i Print version :  |z 9781789697346 
830 0 |a Access archaeology. 
856 4 0 |3 Archaeopress  |u http://library.arce.org:8087/Archaeopress/Products/9781789697346 
942 |2 lcc  |c EBOOK 
952 |0 0  |1 0  |4 0  |6 CC00757  |7 1  |9 46747  |a ARCH  |b ARCH  |d 2023-04-12  |l 0  |o CC75.7  |r 2023-04-12 00:00:00  |w 2023-04-12  |y EBOOK 
999 |c 52405  |d 52405